Subdivisions of French Indochina on a Map - Statistics

General Stats
  • This quiz has been taken 241 times
  • The average score is 4 of 6
Answers on the Map
Answers color-coded by a green-red scale on the quiz's map according to % correct below.
 
Answer Stats
Answer % Correct
Cambodia
99%
Laos
99%
Tonkin
48%
Annam
46%
Cochinchina
38%
Guangzhouwan
22%
No matching quizzes found
Score Distribution
Percent of People with Each Score
Percentile by Number Answered
Your Score History
You have not taken this quiz